[Event "FRA-chT4 0304"]
[Site "Bretagne"]
[Date "2004.02.01"]
[Round "5"]
[White "Jambou, Gilbert"]
[Black "Hubert, Lucas"]
[Result "1-0"]
[WhiteElo "1690"]
[BlackElo "1670"]
[PlyCount "91"]
[EventDate "2003.10.12"]
[EventType "team"]
[EventRounds "9"]
[EventCountry "FRA"]
[SourceTitle "EXT 2005"]
[Source "ChessBase"]
[SourceDate "2004.11.15"]
[SourceVersion "1"]
[SourceVersionDate "2004.11.15"]
[SourceQuality "1"]

1. e4 d6 2. d4 Nf6 3. Nc3 c6 4. f4 Qa5 5. Bd3 e5 6. dxe5 dxe5 7. f5 Bb4 8. Bd2 0-0 9. a3 Bd6 10. g4 Rd8 11. g5 Nfd7 12. Nb5 Qb6 13. Nxd6 Qd4 14. Nxc8 Rxc8 15. Nf3 Qxb2 16. Qb1 Qxb1+ 17. Rxb1 b6 18. Bc3 Re8 19. h4 b5 20. h5 a6 21. Kf2 c5 22. Be2 Nc6 23. Rhd1 Nd4 24. Nxd4 exd4 25. Ba5 Rxe4 26. Bf3 Rf4 27. Kg3 Rxf3+ 28. Kxf3 Ne5+ 29. Kg3 Nc4 30. a4 bxa4 31. Bc7 Ne3 32. Rd2 Rc8 33. Bf4 Nxf5+ 34. Kg4 g6 35. h6 Kf8 36. Ra1 Re8 37. Rxa4 Re4 38. Rxa6 c4 39. Kf3 Re1 40. Ra8+ Ke7 41. Re2+ Rxe2 42. Kxe2 Ke6 43. Rh8 f6 44. Rxh7 fxg5 45. Bxg5 Ke5 46. Re7+ 1-0

[Event "FRA-chT4 0304"]
[Site "Bretagne"]
[Date "2003.11.16"]
[Round "2"]
[White "Le Talour, Benoit"]
[Black "Hubert, Lucas"]
[Result "0-1"]
[WhiteElo "1620"]
[BlackElo "1690"]
[PlyCount "100"]
[EventDate "2003.10.12"]
[EventType "team"]
[EventRounds "9"]
[EventCountry "FRA"]
[SourceTitle "EXT 2005"]
[Source "ChessBase"]
[SourceDate "2004.11.15"]
[SourceVersion "1"]
[SourceVersionDate "2004.11.15"]
[SourceQuality "1"]

1. e4 d6 2. d4 Nf6 3. Nc3 c6 4. Nf3 Nbd7 5. Bc4 b5 6. Bb3 b4 7. e5 bxc3 8. exf6 Nxf6 9. 0-0 Bg4 10. Qd3 cxb2 11. Bxb2 d5 12. Ne5 Qc7 13. Ba4 Bd7 14. Qa6 Rc8 15. Rab1 e6 16. Bc3 Be7 17. Rb7 Qd6 18. Bb4 c5 19. Qxd6 Bxd6 20. Bxd7+ Nxd7 21. Rxd7 Bxe5 22. Rb7 Bxd4 23. Bd2 0-0 24. Rfb1 Be5 25. f4 Bd4+ 26. Kf1 c4 27. a4 c3 28. Be1 h6 29. h4 Rc4 30. R1b4 Rxb4 31. Rxb4 Bf6 32. g3 Rc8 33. Bf2 a5 34. Rb5 Bd8 35. Bb6 Bxb6 36. Rxb6 Rc4 37. Rb8+ Kh7 38. Ra8 Rxa4 39. Ke2 Kg6 40. Ra7 Re4+ 41. Kf3 a4 42. Kf2 f5 43. Kf3 Rb4 44. Ra6 Kf6 45. h5 Rb2 46. Rxa4 Rxc2 47. Ra3 d4 48. Ra4 d3 49. Rd4 d2 50. Ke2 Rc1 0-1